Catálogo

Vista normal Vista MARC

Entrada Personal Name

Número de registros utilizados en: 1

001 - CONTROL NUMBER

  • control field: 17923

003 - CONTROL NUMBER IDENTIFIER

  • control field: DLC

005 - DATE AND TIME OF LATEST TRANSACTION

  • control field: 20260317134607.0

008 - FIXED-LENGTH DATA ELEMENTS

  • fixed length control field: 180919n| azannaabn |a aaa

010 ## - LIBRARY OF CONGRESS CONTROL NUMBER

  • LC control number: n 2018054878

040 ## - CATALOGING SOURCE

  • Original cataloging agency: DLC
  • Language of cataloging: spa
  • Description conventions: rda
  • Transcribing agency: Mx-PuUPA
  • Modifying agency: Mx-PuUPA

100 1# - HEADING--PERSONAL NAME

  • Personal name: Matos Franco, Rainer María,

370 ## - ASSOCIATED PLACE

  • Other associated place: Ciudad de México (México)
  • Other associated place: San Petersburgo (Rusia)
  • Source of term: naf

373 ## - ASSOCIATED GROUP

  • Associated group: Colegio de México
  • Associated group: Universidad Evropeĭskiĭ en San Petersburgo
  • Source of term: naf

374 ## - OCCUPATION

  • Occupation: Autor

375 ## - GENDER

  • Gender: mujer

377 ## - ASSOCIATED LANGUAGE

  • Language code: spa

400 1# - SEE FROM TRACING--PERSONAL NAME

  • Personal name: Franco, Rainer María Matos

670 ## - SOURCE DATA FOUND

  • Source citation: Historia mínima de Rusia, 2017:
  • Information found: t.p. (Rainer María Matos Franco) front flap (licentiate in international relations from El Colegio de México; master's in studies of Russia and Eurasia from Univ. Europea de San Petersburgo)